000 00746nam a2200181 i 4500
001 159219
003 ES-MaACL
005 20230906211510.0
008 040908s1884 xxk |||| | eng d
040 _aCAM
_bspa
_cCAM
100 1 _aMay, G.
_9129752
245 1 2 _aA bibliography of electricy and magnetism, 1860 to 1883
_b: with special reference to electro-technics /
_ccompiled by G. May; with a indez by O. Salle.
260 _aLondon :
_bTrübner & Co. ;
_aLeipzic [sic], Viena and Pesth :
_bA. Hartleben,
_c1884 (
_eHertford :
_fStephen Austin and Sons)
300 _a203 p. ;
_c19 cm.
650 4 _aElectricidad-
_vBibliografías.
_9160610
650 4 _aMagnetismo-
_vBibliografías.
_9160611
852 _aES-MaACL
_jF-12611
_z-- Enc. tela
999 _c159219
_d159219